Štatistické laboratórne praktiká

Enregistré dans:
Détails bibliographiques
Auteur principal: Bodjanová, Slávka
Collectivité auteur: Vysoká škola ekonomická v Bratislave. Fakulta riadenia
Autres auteurs: Bolgáč, Ján, 1959-, Kvetko, Juraj
Format: Livre
Langue:slovaque
Publié: Bratislava VŠE 1988
Édition:1. vyd.
Tags: Ajouter un tag
Pas de tags, Soyez le premier à ajouter un tag!

MARC

LEADER 00000nam a2200000 4500
001 c034291
005 20221219092419.2
041 0 |a slo 
044 |a SK 
245 1 0 |a Štatistické laboratórne praktiká  |c Slávka Bodjanová, Ján Bolgáč, Juraj Kvetko 
250 |a 1. vyd. 
264 1 |a Bratislava  |b VŠE  |c 1988 
300 |a 219 s. 
100 1 |a Bodjanová, Slávka 
700 1 |a Bolgáč, Ján, 1959- 
700 1 |a Kvetko, Juraj 
710 2 |a Vysoká škola ekonomická v Bratislave. Fakulta riadenia